|
|
|
|
| LEADER |
00000nam a2200000 a 4500 |
| 001 |
vtls008350107 |
| 003 |
SK-MaSNL |
| 005 |
20260408135857.0 |
| 008 |
210928s1974 xo 000 slo |
| 015 |
|
|
|a SKSNBA1974/09-02460
|
| 020 |
|
|
|q (viaz.)
|
| 035 |
|
|
|a SK01SNK19740042324
|
| 035 |
|
|
|a SKM000044787
|
| 040 |
|
|
|a SNK
|b slo
|c SNK
|e AACR2
|
| 041 |
0 |
|
|a slo
|
| 044 |
|
|
|a xo
|c SK
|
| 072 |
|
7 |
|a 658
|x Riadenie a správa podniku
|2 konspekt
|
| 080 |
|
|
|a 658.7-057.188
|2 2011
|
| 080 |
|
|
|a 330.5+338
|2 2011
|
| 080 |
|
|
|a (035)
|2 2011
|
| 100 |
1 |
|
|a Baláž, Vincent,
|d 1926-2000
|4 aut
|9 1635988
|
| 245 |
1 |
0 |
|a Dodávateľsko-odberateľské vzťahy v investičnej výstavbe
|b ... určená predovšetkým stred. odb. techn. a ekon. kádrom ... i pre štud. priem. škôl ...
|c autori: Vincent Baláž - Marián Kodoň - Viliam Porázik
|
| 260 |
|
|
|a Bratislava
|b Alfa
|c 1974
|e Bratislava
|f Svornosť
|
| 300 |
|
|
|a 134, [1] s.
|c 8°
|
| 490 |
1 |
|
|a Edícia ekonomickej literatúry
|
| 500 |
|
|
|a Lit. Pozn. Odkazy na lit.
|
| 563 |
|
|
|a 1500 výtl.
|
| 650 |
0 |
7 |
|a dodávateľsko-odberateľské vzťahy
|2 SNKPH
|9 28656
|
| 650 |
0 |
7 |
|a Supplier´s relationship
|2 SNKPHeng
|9 351159
|
| 650 |
0 |
7 |
|a národné hospodárstvo
|2 SNKPH
|9 846
|
| 650 |
0 |
7 |
|a National economy
|2 SNKPHeng
|9 267613
|
| 655 |
|
7 |
|a príručky
|2 SNKPH
|9 74364
|
| 655 |
|
7 |
|a Handbooks, manuals, etc.
|2 SNKPHeng
|9 90964
|
| 700 |
1 |
|
|a Kodoň, Marián
|4 aut
|9 351160
|
| 700 |
1 |
|
|a Porázik, Viliam
|4 aut
|9 351161
|
| 830 |
|
0 |
|a Edícia ekonomickej literatúry
|9 276970
|
| 852 |
|
|
|a Slovenská národná knižnica v Martine
|b 10000
|h SC 34864
|
| 852 |
|
|
|a Slovenská národná knižnica v Martine
|b 10000
|h SC 34864 D1
|
| 958 |
|
|
|a TL
|
| 958 |
|
|
|a NB
|
| 958 |
|
|
|a RK
|
| 958 |
|
|
|a OND
|
| 999 |
|
|
|c 596265
|d 598195
|
| 952 |
|
|
|a SNK
|b SNK
|y VYP
|7 0
|p 17A1344466
|o snkSC 34864 D1
|i snkKSP 6863/74
|0 0
|1 0
|4 0
|d 2018-11-02
|l 0
|r 2026-02-23 15:39:23
|w 2026-02-23
|